Statistics for U.S. State Capitals by River

Click here to take the quiz!

General Stats

  • This quiz has been taken 21 times
    (11 since last reset)
  • The average score is 13 of 16

Answer Stats

RiverState Capitals% Correct
HudsonAlbany
100%
MissouriJefferson City | Pierre | Bismarck
100%
ChattahoocheeAtlanta
90%
KennebecAugusta
90%
MississippiBaton Rouge | St. Paul
90%
DelawareTrenton
90%
ColoradoAustin
80%
CumberlandNashville
80%
WillametteSalem
80%
CongareeColumbia
70%
South PlatteDenver
70%
SusquehannaHarrisburg
70%
JamesRichmond
70%
KanawhaCharleston
60%
MerrimackConcord
60%
SaltPhoenix
50%

Score Distribution

Percentile by Number Answered

Percent of People with Each Score

Your Score History

You have not taken this quiz since the last reset